| 000 | 00479nam a2200145 a 4500 | ||
|---|---|---|---|
| 008 | 120416s1966 ||||||||||||||||| || u | ||
| 050 | _aTK 7876 Lan | ||
| 100 | _aRose, Darrell | ||
| 245 | 1 | 0 | _aMicrowave experiments |
| 260 |
_aNew York _bMcGraw-Hill _c1966 |
||
| 300 | _a190p. : ill | ||
| 350 | _a0.00 | ||
| 700 | _aLance, Algie L | ||
| 995 |
_D0.00 _FCBU-MAIN LIBRARY (Kitwe) _H1 _I12.00 _UDAMAGED _ZMain Library Open Access Collection |
||
| 999 |
_c51173 _d51173 |
||